书目信息 |
| 题名: |
大学的人文教育
|
|
| 作者: | 张岂之 著 | |
| 分册: | ||
| 出版信息: | 北京 商务印书馆 2014.04 |
|
| 页数: | 215页,[4]页图版 | |
| 开本: | 23cm | |
| 丛书名: | ||
| 单 册: | ||
| 中图分类: | G640-53 | |
| 科图分类: | ||
| 主题词: | 高等学校--人文素质教育--中国--文集 , 高等学校 , 人文素质教育 | |
| 电子资源: | ||
| ISBN: | 978-7-100-08932-6 | |
| 000 | 01011nam0 2200265 450 | |
| 001 | 0120141298257 | |
| 005 | 20160512150923.84 | |
| 010 | @a978-7-100-08932-6@dCNY32.00 | |
| 100 | @a20140612d2014 em y0chiy0110 ea | |
| 101 | 0 | @achi |
| 102 | @aCN@b110000 | |
| 105 | @af z 000yy | |
| 106 | @ar | |
| 200 | 1 | @a大学的人文教育@9da xue de ren wen jiao yu@f张岂之著 |
| 210 | @a北京@c商务印书馆@d2014.04 | |
| 215 | @a215页,[4]页图版@d23cm | |
| 330 | @a本书是张岂之先生关于大学人文教育的文章合集,包括24篇文章。本书既凝聚了张先生对中华传统优秀文化及其与大学人文教育关系的思索,也包含了他对古今中外先进教育理念的探讨。这些文章寄托了张岂之先生对我国大学人文教育的殷殷期望:我国大学的人文教育传统不会中断,它将与时俱进,传承创新。 | |
| 333 | @a高等教育研究人员 | |
| 606 | 0 | @a高等学校@x人文素质教育@y中国@j文集 |
| 606 | 0 | @a高等学校 |
| 606 | 0 | @a人文素质教育 |
| 690 | @aG640-53@v5 | |
| 701 | 0 | @a张岂之@9zhang qi zhi@f(1927-)@4著 |
| 801 | 0 | @aCN@b人天书店@c20140612 |
| 905 | @b875230-35@dG640-53@e711@f6 | |
| 大学的人文教育/张岂之著.-北京:商务印书馆,2014.04 |
| 215页,[4]页图版;23cm |
| 使用对象:高等教育研究人员 |
| ISBN 978-7-100-08932-6:CNY32.00 |
| 本书是张岂之先生关于大学人文教育的文章合集,包括24篇文章。本书既凝聚了张先生对中华传统优秀文化及其与大学人文教育关系的思索,也包含了他对古今中外先进教育理念的探讨。这些文章寄托了张岂之先生对我国大学人文教育的殷殷期望:我国大学的人文教育传统不会中断,它将与时俱进,传承创新。 |
| ● |
| 相关链接 |
|
|
|
|
正题名:大学的人文教育
索取号:G640-53/711
 
预约/预借
| 序号 | 登录号 | 条形码 | 馆藏地/架位号 | 状态 | 备注 |
| 1 | 875230 | 208752303 | 第一样本阅览室/ [索取号:G640-53/711] | 在馆 | |
| 2 | 875231 | 208752312 | 教育系资料室/ [索取号:G640-53/711] | 在馆 | |
| 3 | 875232 | 208752321 | 教育系资料室/ [索取号:G640-53/711] | 在馆 | |
| 4 | 875233 | 208752330 | 教育系资料室/ [索取号:G640-53/711] | 在馆 | |
| 5 | 875234 | 208752349 | 第四借阅区/ [索取号:G640-53/711] | 在馆 | |
| 6 | 875235 | 208752358 | 第四借阅区/ [索取号:G640-53/711] | 在馆 |